02673nam a2200505 a 450000500170000000800410001702000150005804100080007309200160008124500680009725000110016526000350017630000110021150001070022259000390032965300520036865300700042065300630049065300920055365301220064565300650076765300270083265300690085965300480092865300640097665301040104065301010114465300630124565300360130865300530134465300360139765300660143365300440149965300500154365301140159365300610170765300570176870000400182570000370186570000420190270000280194494200120197299900150198495201680199920240412132653.0100708t2004||||ag f |||| 001 0 spa d a9507864024 aspa c174l7sBIO aBioética y humanidades médicas / cDietrich Von Engelhardt a1a ed. aBuenos Aires: bBiblos;c2004. a231 p. aVon Engelhardt, D. et al. (2004). Bioética y humanidades médicas. (1a ed.). Buenos Aires : Biblos. aDonación Dora Vera, febrero 2017 aEtica medica: estructura, desarrollo y difusion aMedico y paciente entre la ciencia y la humanidad en Karl Jaspers aMedicina y la interdisciplinariedad: perspectiva historica aMedicina y filosofia, recapitulacion historica y algunas reflexiones sobre la pediatria aEnseñanza universitaria de la bioetica: la experiencia en la Facultad de Medicina de la Universidad de Buenos Aires aPrincipio de la subjetividad en la antropologia del siglo XX 3aEl medico y la cultura aIntegracion de perspectivas metodologicas en praxis terapeuticas 3aUn atisbo antropologico en el sur Argentino aBioetica personalista desde una perspectiva latinoamericana aIntensionalidad fenomenologica como fundamento del dialogo entre culturas y las ciencias del hombre aFides et ratio: la relacion entre la fe y la razon. Encuentros, desencuentros y dialogo cultural aEstructura dialectica de la integracion interdisciplinaria aFilosofia y praxis psiquiatrica aAlcances del principio de autonomia en medicina  aEtica en investigacion genetica 3aLa verdad junto al lecho del enfermo en un panorama historico 3aEl sufrimiento a lo largo de los siglos aMinucias de la agonia en la muerte Ivan Ilich 3aLa eutanasia entre el acortamiento de la vida y el apoyo a morir: experiencias del pasado, retos del presente aEtica y justicia en la distribucion de recursos en salud aSida: perspectiva historica y panorama contemporaneo1 aVon Engelhardt, DietricheEd.931821 aMainetti, Jose AlbertoeEd.99621 aCataldi Amatriain, RobertoeEd.931831 aMeyer, LuisaeEd.93184 2ddccBK c2350d2350 00102ddc4070aBFMbBFMcCRd2017-03-01eDonacion Dora Vera, febrero 2017l0o174 7 BIOp3820r2017-03-01tEj.1w2017-03-01yBKzDonacion Dora Vera, febrero 2017